000 01308nam a2200325 i 4500
003 EG-GICUC
005 20260121163932.0
008 251122s2003 ua ||||f |||| 00| 0 ara d
017 _a2003/13156
020 _a977-10-1795-0
040 _a EG-GICUC
_bara
_c EG-GICUC
_d EG-GICUC
_erda
041 _aara
082 0 4 _221
_a345
_bم ح . ض
092 0 4 _221
099 _aLaw1 07 345 م ح . ض 2003
100 0 _aمحمد عبيد الحساوي القحطاني
_eمؤلف.
245 _aالضبط الإداري سلطاته و حدوده في دولة الإمارات العربية المتحدة :
_bدراسة مقارنة مع مصر /
_cدكتور محمد عبيد الحساوي القحطاني
264 _aالهرم :
_bدار أبو المجد ,
_c2003.
300 _a633 صفحة
_c24 سم
336 _2rda content
_atext
337 _2rda media
_aComputer
338 _2rda carrier
_aOnline Resource
504 _a. 621-591 ببليوجرافيا: صفحات.
546 _aالنص أغلبه باللغة العربية بعض النصوص الإنجليزية والفرنسية
650 1 _aالقانون الأداري
_2qrmak
651 1 _2qrmak
856 4 0 _uhttps://fll.law.cu.edu.eg/fulltext/bks/B07-00990.pdf
905 _a74
_eYara
942 _2ddc
_n0
_cBK
_e21
999 _c45295
_d45295